| 000 | 01291nam0a22002891 4500 | ||
|---|---|---|---|
| 001 | rc\4215220 | ||
| 005 | 20130415200227.7 | ||
| 021 |
_aRU _b[51-21312] |
||
| 035 | _a(NLR Aleph) 008211682 | ||
| 090 |
_a8100403 _c8100403 |
||
| 100 | _a20130415d1951 |||a0rusy50 ca | ||
| 101 | 0 | _arus | |
| 102 | _aRU | ||
| 105 | _aa z ||||| | ||
| 200 | 1 |
_aИнструкция по приготовлению и применению молотой негашеной извести на строительствах Министерства электростанций _e(Временная) _fМ-во электростанций СССР. Техн. упр. по строительству и монтажу |
|
| 210 |
_aМосква _aЛенинград _cГосэнергоиздат _d1951 |
||
| 215 |
_a19 с. _cчерт. _d20 |
||
| 300 | _aНа обороте тит. л. авт.: инж. Е.В. Лавринович | ||
| 320 | _aБиблиогр.: с. 19 (11 назв.) | ||
| 606 |
_aИзвесть негашеная _2psbo |
||
| 701 | 1 |
_aЛавринович _bЕ. В. |
|
| 710 | 0 | 1 |
_aСССР _bМинистерство электростанций _3RU\NLR\AUTH\889939119 |
| 801 | 0 |
_aRU _bNLR _gpsbo |
|
| 801 | 1 |
_aRU _bELAR _2rusmarc |
|
| 852 |
_aNLR _jТ80 Г-4/1815 |
||
| 942 | _cBOOK | ||
| 980 | _aNB | ||